| 000 | | | 05591cac2a2200000#x 450 |
| 001 | | | fca9b5dbe7e84bb895302d79910df0e1 |
| 005 | | | 20210722160750.0 |
| 100 | ## | $a | 20130912l19111911k y0rusy0189 ca |
| 101 | 0# | $a | rus |
| 102 | ## | $a | RU |
| 251 | ## | $c | Дело |
| 225 | 0# | $a | Фонд Совет министров (1905-1917) |
| | $h | Опись № 7 |
| | $i | 1911 г. |
| 300 | ## | $a | Печатный текст |
| 300 | ## | $a | Оригинальный заголовок дела: Об ассигновании средств на усиление занятия по делам об охране промышленной собственности : 18 августа 1911 года |
| 324 | ## | $a | Пленка |
| 801 | #0 | $a | RU |
| | $b | РГИА |
| | $c | 20130912 |
| 801 | #1 | $a | RU |
| | $b | ГлавНИВЦ |
| | $c | 20130912 |
| | $2 | rusmarc |
| 801 | #2 | $a | RU |
| | $b | ПБ им. Б.Н. Ельцина |
| | $c | 20130913 |
| | $g | RCR |
| | $2 | rusmarc |
| 850 | ## | $a | Федеральное казенное учреждение "Российский государственный исторический архив" (РГИА) |
| 852 | ## | $a | РГИА |
| | $j | 149 |
| 937 | ## | $a | ASBIBLIO_SCAN |
| | $b | РГИА_1276:_7:_149: |
| | $d | 1517631 |
| | $h | РГИА |
| 200 | 1# | $a | Об ассигновании средств на рассмотрение ходатайств о выдаче привилегий на изобретения и усовершенствования в области промышленности и о регистрации товарных знаков, фабричных рисунков и моделей |
| | $j | 18 августа 1911 года |
| 215 | ## | $a | 5 листов |
| 035 | ## | $a | fca9b5dbe7e84bb895302d79910df0e1 |
| 122 | 0# | $a | d19110818## |
| 517 | 1# | $a | Об ассигновании средств на усиление занятия по делам об охране промышленной собственности |
| | $e | 18 августа 1911 года |
| 461 | #0 | $1 | 001c7912e80-a322-4844-9992-beca65726c82 |
| | $1 | 2001 |
| | $a | Совет министров (1905-1917) |
| | $1 | 251 |
| | $c | Фонд |
| | $1 | 852 |
| | $j | 1276 |
| 462 | #0 | $1 | 0014baaedbe-26aa-4a04-8d1e-66c1dcbb004d |
| | $1 | 2001 |
| | $a | 1911 г. |
| | $v | Д. 149 |
| | $1 | 251 |
| | $c | Опись |
| | $1 | 852 |
| | $j | 7 |
| 605 | ## | $2 | acquisition_Prlib |
| | $3 | DITM\AF\0000002775 |
| | $a | Власть |
| | $l | коллекция |
| 605 | ## | $2 | acquisition_Prlib |
| | $3 | DITM\AF\0000003834 |
| | $a | Народ |
| | $l | коллекция |
| 605 | ## | $a | Российское изобретательство: страницы истории |
| | $l | коллекция |
| | $2 | acquisition_Prlib |
| | $3 | LIBNET\UAF\0000095744 |
| 606 | 1# | $2 | nlr_sh |
| | $3 | RU\NLR\AUTH\6601682045 |
| | $a | Изобретения |
| | $x | Патентование |
| | $y | Россия |
| | $j | Документы и материалы |
| 601 | 01 | $2 | nlr_sh |
| | $3 | RU\NLR\AUTH\66316935 |
| | $a | Россия |
| | $b | Совет министров |
| | $j | Документы и материалы |
| 686 | ## | $a | 30у.ю11 |
| | $2 | rubbk |
| | $v | LBC/M |
| 686 | ## | $a | 63.3(2)53-33ю11 |
| | $2 | rubbk |
| | $v | LBC/M |